[Event "Poznan Chess Festival"]
[Site "chess24.com"]
[Date "2021.08.18"]
[Round "5"]
[White "Niemier, Martyna"]
[Black "Krych, Dominik"]
[Result "0-1"]
[Board "25"]
[WhiteElo "1204"]
[WhiteCountry "POL"]
[WhiteFideId "21811776"]
[WhiteEloChange "-2"]
[BlackElo "1617"]
[BlackCountry "POL"]
[BlackFideId "21039070"]
[BlackEloChange "2"]

1. d4 {[%clk 1:30:58]} Nf6 {[%clk 1:30:35]} 2. Bg5 {[%clk 1:30:55]} e6 {[%clk
1:30:37]} 3. c4 {[%clk 1:30:42]} d5 {[%clk 1:30:00]} 4. e3 {[%clk 1:30:43]} Be7
{[%clk 1:29:30]} 5. Nf3 {[%clk 1:30:55]} O-O {[%clk 1:29:40]} 6. Bd3 {[%clk
1:30:10]} b6 {[%clk 1:29:10]} 7. O-O {[%clk 1:30:08]} h6 {[%clk 1:29:22]} 8. Bh4
{[%clk 1:28:49]} Nbd7 {[%clk 1:29:11]} 9. Nc3 {[%clk 1:28:19]} c5 {[%clk
1:25:22]} 10. dxc5 {[%clk 1:22:29]} Nxc5 {[%clk 1:25:10]} 11. cxd5 {[%clk
1:21:29]} Nxd5 {[%clk 1:24:11]} 12. Bxe7 {[%clk 1:21:14]} Nxe7 {[%clk 1:23:53]}
13. Bc2 {[%clk 1:14:49]} Ba6 {[%clk 1:20:00]} 14. Qxd8 {[%clk 1:10:41]} Rfxd8
{[%clk 1:20:20]} 15. Rfd1 {[%clk 1:10:59]} Bd3 {[%clk 1:20:09]} 16. Bxd3 {[%clk
1:09:43]} Nxd3 {[%clk 1:20:18]} 17. Rd2 {[%clk 1:06:26]} Nc5 {[%clk 1:11:42]} 18.
Rad1 {[%clk 1:05:39]} Rxd2 {[%clk 1:11:48]} 19. Rxd2 {[%clk 1:05:51]} Kf8 {[%clk
1:10:30]} 20. Kf1 {[%clk 1:01:40]} Nc6 {[%clk 1:10:34]} 21. Nd4 {[%clk 0:46:11]}
Rd8 {[%clk 1:10:24]} 22. Ke2 {[%clk 0:45:19]} Nxd4+ {[%clk 1:10:43]} 23. exd4
{[%clk 0:39:57]} Nb7 {[%clk 1:08:32]} 24. Ke3 {[%clk 0:35:21]} Nd6 {[%clk
1:08:35]} 25. b3 {[%clk 0:30:28]} Ke7 {[%clk 1:05:23]} 26. d5 {[%clk 0:27:32]} e5
{[%clk 1:00:45]} 27. f4 {[%clk 0:22:41]} Rc8 {[%clk 0:43:12]} 28. Ne4 {[%clk
0:19:16]} exf4+ {[%clk 0:42:20]} 29. Kxf4 {[%clk 0:18:52]} g5+ {[%clk 0:42:47]}
30. Ke3 {[%clk 0:18:29]} f5 {[%clk 0:42:59]} 31. Nxd6 {[%clk 0:16:19]} Kxd6
{[%clk 0:43:15]} 32. Rf2 {[%clk 0:16:34]} f4+ {[%clk 0:43:13]} 33. Kd4 {[%clk
0:14:55]} Rc5 {[%clk 0:42:00]} 34. Re2 {[%clk 0:14:40]} Rxd5+ {[%clk 0:42:17]}
35. Kc4 {[%clk 0:14:52]} Re5 {[%clk 0:41:16]} 36. Rd2+ {[%clk 0:14:05]} Kc6
{[%clk 0:40:22]} 37. b4 {[%clk 0:13:38]} Re4+ {[%clk 0:40:24]} 38. Kb3 {[%clk
0:13:19]} Re3+ {[%clk 0:40:07]} 39. Kc4 {[%clk 0:12:51]} Ra3 {[%clk 0:40:25]} 40.
b5+ {[%clk 0:12:58]} Kc7 {[%clk 0:40:39]} 41. Kb4 {[%clk 0:13:11]} Re3 {[%clk
0:41:00]} 42. Kc4 {[%clk 0:12:10]} Re6 {[%clk 0:40:43]} 43. h3 {[%clk 0:10:51]}
Rd6 {[%clk 0:40:31]} 44. Re2 {[%clk 0:11:04]} Kd7 {[%clk 0:40:51]} 45. a3 {[%clk
0:11:15]} Re6 {[%clk 0:41:13]} 46. Rd2+ {[%clk 0:11:37]} Ke7 {[%clk 0:41:39]} 47.
a4 {[%clk 0:11:47]} Rd6 {[%clk 0:42:03]} 48. Re2+ {[%clk 0:11:57]} Kf7 {[%clk
0:42:20]} 49. Kb4 {[%clk 0:12:03]} Rd4+ {[%clk 0:42:44]} 50. Kb3 {[%clk 0:12:12]}
Rd7 {[%clk 0:42:56]} 51. Kb4 {[%clk 0:12:25]} Kg6 {[%clk 0:40:28]} 52. a5 {[%clk
0:12:44]} bxa5+ {[%clk 0:30:11]} 53. Kxa5 {[%clk 0:12:56]} Kh5 {[%clk 0:30:34]}
54. Ka6 {[%clk 0:09:48]} Kh4 {[%clk 0:30:33]} 55. Rc2 {[%clk 0:07:46]} Kg3 {[%clk
0:29:24]} 56. Ra2 {[%clk 0:05:44]} h5 {[%clk 0:29:35]} 57. Rc2 {[%clk 0:03:46]}
g4 {[%clk 0:29:52]} 58. hxg4 {[%clk 0:04:07]} hxg4 {[%clk 0:30:14]} 59. Re2
{[%clk 0:03:58]} Rf7 {[%clk 0:30:39]} 0-1

[Event "Poznan Chess Festival"]
[Site "chess24.com"]
[Date "2021.08.18"]
[Round "5"]
[White "Weglarz, Janusz"]
[Black "Gluszynski, Michal"]
[Result "0-1"]
[Board "26"]
[WhiteElo "1607"]
[WhiteCountry "POL"]
[WhiteFideId "1123076"]
[WhiteEloChange "-17"]
[BlackElo "1302"]
[BlackCountry "POL"]
[BlackFideId "21858500"]
[BlackEloChange "17"]

1. Nf3 {[%clk 1:30:55]} d5 {[%clk 1:30:56]} 2. d4 {[%clk 1:31:04]} Nf6 {[%clk
1:31:18]} 3. Nbd2 {[%clk 1:30:48]} Bf5 {[%clk 1:30:47]} 4. Nh4 {[%clk 1:30:11]}
Bg6 {[%clk 1:28:00]} 5. g3 {[%clk 1:28:32]} e6 {[%clk 1:27:35]} 6. Bg2 {[%clk
1:28:06]} c5 {[%clk 1:25:50]} 7. dxc5 {[%clk 1:26:11]} Bxc5 {[%clk 1:25:48]} 8.
O-O {[%clk 1:22:26]} O-O {[%clk 1:24:46]} 9. Nxg6 {[%clk 1:22:44]} hxg6 {[%clk
1:25:09]} 10. Nb3 {[%clk 1:22:38]} Bb6 {[%clk 1:24:22]} 11. c3 {[%clk 1:21:48]}
Nc6 {[%clk 1:23:09]} 12. Bd2 {[%clk 1:19:09]} Rc8 {[%clk 1:20:30]} 13. e3 {[%clk
1:19:17]} Qe7 {[%clk 1:14:50]} 14. Nd4 {[%clk 1:18:35]} Rfd8 {[%clk 1:13:11]} 15.
Qe2 {[%clk 1:18:30]} e5 {[%clk 1:10:51]} 16. Nxc6 {[%clk 1:18:26]} bxc6 {[%clk
1:11:05]} 17. Rfd1 {[%clk 1:18:37]} Rd6 {[%clk 0:59:38]} 18. Be1 {[%clk 1:18:42]}
Rcd8 {[%clk 0:59:13]} 19. a4 {[%clk 1:18:27]} a5 {[%clk 0:56:07]} 20. b4 {[%clk
1:18:08]} Qa7 {[%clk 0:52:29]} 21. b5 {[%clk 1:17:53]} cxb5 {[%clk 0:48:00]} 22.
Qxb5 {[%clk 1:09:41]} Bc5 {[%clk 0:46:20]} 23. Qe2 {[%clk 1:08:43]} d4 {[%clk
0:44:22]} 24. cxd4 {[%clk 1:06:01]} exd4 {[%clk 0:44:39]} 25. exd4 {[%clk
1:06:07]} Bxd4 {[%clk 0:44:58]} 26. Rab1 {[%clk 1:05:10]} Qd7 {[%clk 0:42:56]}
27. Rdc1 {[%clk 0:54:04]} Qxa4 {[%clk 0:40:34]} 28. Rb5 {[%clk 0:51:14]} Re8
{[%clk 0:31:28]} 29. Qf1 {[%clk 0:50:30]} Rde6 {[%clk 0:29:26]} 30. Rbb1 {[%clk
0:47:30]} Qa2 {[%clk 0:18:53]} 31. Bf3 {[%clk 0:46:27]} a4 {[%clk 0:16:25]} 32.
Bc3 {[%clk 0:46:02]} Bxc3 {[%clk 0:15:06]} 33. Rxc3 {[%clk 0:46:28]} Ne4 {[%clk
0:14:44]} 34. Bxe4 {[%clk 0:44:07]} Rxe4 {[%clk 0:15:07]} 35. Qb5 {[%clk
0:43:07]} Qxb1+ {[%clk 0:08:42]} 36. Qxb1 {[%clk 0:43:27]} Re1+ {[%clk 0:09:09]}
37. Qxe1 {[%clk 0:43:32]} Rxe1+ {[%clk 0:09:36]} 38. Kg2 {[%clk 0:43:54]} Kf8
{[%clk 0:09:02]} 39. Ra3 {[%clk 0:44:10]} Re4 {[%clk 0:09:23]} 40. Kf3 {[%clk
0:42:54]} Rb4 {[%clk 0:09:47]} 41. Ke3 {[%clk 0:42:17]} Ke7 {[%clk 0:10:09]} 42.
Rd3 {[%clk 0:41:33]} g5 {[%clk 0:07:43]} 43. h3 {[%clk 0:41:53]} Ke6 {[%clk
0:07:42]} 44. Rd8 {[%clk 0:40:48]} Ke5 {[%clk 0:06:11]} 45. Re8+ {[%clk 0:38:43]}
Kd5 {[%clk 0:06:18]} 46. Re7 {[%clk 0:39:04]} Kc4 {[%clk 0:04:08]} 47. Rxf7
{[%clk 0:38:18]} a3 {[%clk 0:03:24]} 48. Rxg7 {[%clk 0:37:22]} a2 {[%clk
0:01:57]} 49. Ra7 {[%clk 0:37:35]} Kb3 {[%clk 0:02:19]} 50. Rxa2 {[%clk 0:37:11]}
Kxa2 {[%clk 0:02:44]} 51. f4 {[%clk 0:37:36]} Rb3+ {[%clk 0:02:00]} 52. Kf2
{[%clk 0:37:45]} gxf4 {[%clk 0:02:24]} 53. gxf4 {[%clk 0:37:36]} Rxh3 {[%clk
0:02:48]} 54. Kg2 {[%clk 0:38:04]} Rc3 {[%clk 0:02:52]} 55. f5 {[%clk 0:38:32]}
Rc5 {[%clk 0:03:00]} 0-1

[Event "Poznan Chess Festival"]
[Site "chess24.com"]
[Date "2021.08.18"]
[Round "5"]
[White "Hoffmann, Piotr"]
[Black "Korzeniewski, Lucjan"]
[Result "0-1"]
[Board "27"]
[WhiteElo "1579"]
[WhiteCountry "POL"]
[WhiteFideId "1134540"]
[WhiteEloChange "-18"]
[BlackElo "1203"]
[BlackCountry "POL"]
[BlackFideId "21097950"]
[BlackEloChange "18"]

1. Nc3 {[%clk 1:30:30]} d5 {[%clk 1:30:30]} 2. e4 {[%clk 1:30:30]} c6 {[%clk
1:30:30]} 3. Qf3 {[%clk 1:30:30]} d4 {[%clk 1:30:30]} 4. Bc4 {[%clk 1:30:30]} Nf6
{[%clk 1:30:30]} 5. Nce2 {[%clk 1:30:30]} e5 {[%clk 1:30:30]} 6. d3 {[%clk
1:30:30]} Bb4+ {[%clk 1:30:30]} 7. c3 {[%clk 1:30:30]} Ba5 {[%clk 1:30:30]} 8.
Qg3 {[%clk 1:30:30]} O-O {[%clk 1:30:30]} 9. Qxe5 {[%clk 1:30:30]} dxc3 {[%clk
1:30:30]} 10. bxc3 {[%clk 1:30:30]} b5 {[%clk 1:30:30]} 11. Bxb5 {[%clk 1:30:30]}
cxb5 {[%clk 1:30:30]} 12. Qxb5 {[%clk 1:30:30]} Ba6 {[%clk 1:30:30]} 13. Qb2
{[%clk 1:30:30]} Qxd3 {[%clk 1:30:30]} 14. Bd2 {[%clk 1:30:30]} Nxe4 {[%clk
1:30:30]} 15. f3 {[%clk 1:30:30]} Nxd2 {[%clk 1:30:30]} 16. Qxd2 {[%clk 1:30:30]}
Bxc3 {[%clk 1:30:30]} 0-1

[Event "Poznan Chess Festival"]
[Site "chess24.com"]
[Date "2021.08.18"]
[Round "5"]
[White "Lakowski, Filip"]
[Black "Rusinski, Mateusz"]
[Result "0-1"]
[Board "33"]
[WhiteElo "1196"]
[WhiteCountry "POL"]
[WhiteFideId "21826420"]
[WhiteEloChange "-2"]
[BlackElo "1798"]
[BlackCountry "POL"]
[BlackFideId "1144251"]
[BlackEloChange "2"]

1. e4 {[%clk 1:30:30]} e5 {[%clk 1:30:30]} 2. Nf3 {[%clk 1:30:30]} Nc6 {[%clk
1:30:30]} 3. Bc4 {[%clk 1:30:30]} Bc5 {[%clk 1:30:30]} 4. c3 {[%clk 1:30:30]} Nf6
{[%clk 1:30:30]} 5. d3 {[%clk 1:30:30]} d6 {[%clk 1:30:30]} 6. h3 {[%clk
1:30:30]} a6 {[%clk 1:30:30]} 7. Bb3 {[%clk 1:30:30]} Ba7 {[%clk 1:30:30]} 8.
Nbd2 {[%clk 1:30:30]} Bd7 {[%clk 1:30:30]} 9. Nf1 {[%clk 1:30:30]} h6 {[%clk
1:30:30]} 10. Ng3 {[%clk 1:30:30]} Qe7 {[%clk 1:30:30]} 11. O-O {[%clk 1:30:30]}
O-O-O {[%clk 1:30:30]} 12. Re1 {[%clk 1:30:30]} g5 {[%clk 1:30:30]} 13. Nh2
{[%clk 1:30:30]} Rdg8 {[%clk 1:30:30]} 14. Be3 {[%clk 1:30:30]} Bxe3 {[%clk
1:30:30]} 15. Rxe3 {[%clk 1:30:30]} h5 {[%clk 1:30:30]} 16. d4 {[%clk 1:30:30]}
h4 {[%clk 1:30:30]} 17. Nf5 {[%clk 1:30:30]} Bxf5 {[%clk 1:30:30]} 18. exf5
{[%clk 1:30:30]} Qd7 {[%clk 1:30:30]} 19. dxe5 {[%clk 1:30:30]} Nxe5 {[%clk
1:30:30]} 20. Qd4 {[%clk 1:30:30]} Kb8 {[%clk 1:30:30]} 21. Nf3 {[%clk 1:30:30]}
Nxf3+ {[%clk 1:30:30]} 22. Rxf3 {[%clk 1:30:30]} g4 {[%clk 1:30:30]} 23. hxg4
{[%clk 1:30:30]} Nxg4 {[%clk 1:30:30]} 24. Rf4 {[%clk 1:30:30]} Ne5 {[%clk
1:30:30]} 25. Rxh4 {[%clk 1:30:30]} Nf3+ {[%clk 1:30:30]} 0-1

[Event "Poznan Chess Festival"]
[Site "chess24.com"]
[Date "2021.08.18"]
[Round "5"]
[White "Lakowski, Krzysztof"]
[Black "Jaworski, Mateusz"]
[Result "0-1"]
[Board "34"]
[WhiteElo "1186"]
[WhiteCountry "POL"]
[WhiteFideId "21826439"]
[WhiteEloChange "-2"]
[BlackElo "1712"]
[BlackCountry "POL"]
[BlackFideId "1141155"]
[BlackEloChange "2"]

1. e4 {[%clk 1:30:30]} c5 {[%clk 1:30:30]} 2. c3 {[%clk 1:30:30]} d5 {[%clk
1:30:30]} 3. exd5 {[%clk 1:30:30]} Qxd5 {[%clk 1:30:30]} 4. d4 {[%clk 1:30:30]}
cxd4 {[%clk 1:30:30]} 5. Nf3 {[%clk 1:30:30]} Nc6 {[%clk 1:30:30]} 6. Nxd4 {[%clk
1:30:30]} Nxd4 {[%clk 1:30:30]} 7. Qxd4 {[%clk 1:30:30]} Qxd4 {[%clk 1:30:30]} 8.
cxd4 {[%clk 1:30:30]} Bd7 {[%clk 1:30:30]} 9. Bd3 {[%clk 1:30:30]} Bc6 {[%clk
1:30:30]} 10. O-O {[%clk 1:30:30]} Rd8 {[%clk 1:30:30]} 11. Be3 {[%clk 1:30:30]}
a6 {[%clk 1:30:30]} 12. Nc3 {[%clk 1:30:30]} Nf6 {[%clk 1:30:30]} 13. h3 {[%clk
1:30:30]} e6 {[%clk 1:30:30]} 14. Bc2 {[%clk 1:30:30]} Nd5 {[%clk 1:30:30]} 15.
Nxd5 {[%clk 1:30:30]} Bxd5 {[%clk 1:30:30]} 16. Ba4+ {[%clk 1:30:30]} b5 {[%clk
1:30:30]} 17. Bb3 {[%clk 1:30:30]} Be7 {[%clk 1:30:30]} 18. Rfc1 {[%clk 1:30:30]}
Ba8 {[%clk 1:30:30]} 19. Rc7 {[%clk 1:30:30]} Bf6 {[%clk 1:30:30]} 20. Rac1
{[%clk 1:30:30]} O-O {[%clk 1:30:30]} 21. Bd1 {[%clk 1:30:30]} Bxd4 {[%clk
1:30:30]} 22. Bxd4 {[%clk 1:30:30]} Rxd4 {[%clk 1:30:30]} 23. Bf3 {[%clk
1:30:30]} Bxf3 {[%clk 1:30:30]} 24. gxf3 {[%clk 1:30:30]} g6 {[%clk 1:30:30]} 25.
b3 {[%clk 1:30:30]} Rd2 {[%clk 1:30:30]} 26. R1c2 {[%clk 1:30:30]} Rfd8 {[%clk
1:30:30]} 27. R7c6 {[%clk 1:30:30]} Rxc2 {[%clk 1:30:30]} 28. Rxc2 {[%clk
1:30:30]} Rd6 {[%clk 1:30:30]} 29. Rc8+ {[%clk 1:30:30]} Kg7 {[%clk 1:30:30]} 30.
Ra8 {[%clk 1:30:30]} e5 {[%clk 1:30:30]} 31. Kg2 {[%clk 1:30:30]} g5 {[%clk
1:30:30]} 32. Ra7 {[%clk 1:30:30]} Kg6 {[%clk 1:30:30]} 33. Kg3 {[%clk 1:30:30]}
h5 {[%clk 1:30:30]} 34. Ra8 {[%clk 1:30:30]} h4+ {[%clk 1:30:30]} 35. Kg2 {[%clk
1:30:30]} Kf5 {[%clk 1:30:30]} 36. a4 {[%clk 1:30:30]} bxa4 {[%clk 1:30:30]} 37.
bxa4 {[%clk 1:30:30]} Ke6 {[%clk 1:30:30]} 38. a5 {[%clk 1:30:30]} Kd5 {[%clk
1:30:30]} 39. Rc8 {[%clk 1:30:30]} Rc6 {[%clk 1:30:30]} 40. Rd8+ {[%clk 1:30:30]}
Kc5 {[%clk 1:30:30]} 41. Rb8 {[%clk 1:30:30]} Kd5 {[%clk 1:30:30]} 42. Rd8+
{[%clk 1:30:30]} Kc4 {[%clk 1:30:30]} 43. Rb8 {[%clk 1:30:30]} Rc5 {[%clk
1:30:30]} 44. Rf8 {[%clk 1:30:30]} Rxa5 {[%clk 1:30:30]} 45. Rxf7 {[%clk
1:30:30]} Rd5 {[%clk 1:30:30]} 46. Rg7 {[%clk 1:30:30]} a5 {[%clk 1:30:30]} 47.
Rxg5 {[%clk 1:30:30]} a4 {[%clk 1:30:30]} 48. Rg8 {[%clk 1:30:30]} a3 {[%clk
1:30:30]} 49. Rg4+ {[%clk 1:30:30]} Rd4 {[%clk 1:30:30]} 0-1

[Event "Poznan Chess Festival"]
[Site "chess24.com"]
[Date "2021.08.18"]
[Round "5"]
[White "Wojciechowski, Mateusz"]
[Black "Zakrzewski, Bartosz"]
[Result "1-0"]
[Board "35"]
[WhiteElo "1171"]
[WhiteCountry "POL"]
[WhiteFideId "21081050"]
[WhiteEloChange "18"]
[BlackElo "1578"]
[BlackCountry "POL"]
[BlackFideId "1176196"]
[BlackEloChange "-18"]

1. e4 {[%clk 1:30:30]} c5 {[%clk 1:30:30]} 2. Nf3 {[%clk 1:30:30]} e6 {[%clk
1:30:30]} 3. c3 {[%clk 1:30:30]} Nc6 {[%clk 1:30:30]} 4. d4 {[%clk 1:30:30]} cxd4
{[%clk 1:30:30]} 5. cxd4 {[%clk 1:30:30]} d5 {[%clk 1:30:30]} 6. e5 {[%clk
1:30:30]} Qb6 {[%clk 1:30:30]} 7. a3 {[%clk 1:30:30]} Nge7 {[%clk 1:30:30]} 8. b4
{[%clk 1:30:30]} Nf5 {[%clk 1:30:30]} 9. Be3 {[%clk 1:30:30]} Be7 {[%clk
1:30:30]} 10. Bd3 {[%clk 1:30:30]} Nxe3 {[%clk 1:30:30]} 11. fxe3 {[%clk
1:30:30]} Bd7 {[%clk 1:30:30]} 12. Nbd2 {[%clk 1:30:30]} a6 {[%clk 1:30:30]} 13.
Nb3 {[%clk 1:30:30]} f6 {[%clk 1:30:30]} 14. O-O {[%clk 1:30:30]} fxe5 {[%clk
1:30:30]} 15. Nxe5 {[%clk 1:30:30]} g6 {[%clk 1:30:30]} 16. Nxd7 {[%clk 1:30:30]}
Kxd7 {[%clk 1:30:30]} 17. Nc5+ {[%clk 1:30:30]} Bxc5 {[%clk 1:30:30]} 18. dxc5
{[%clk 1:30:30]} Qd8 {[%clk 1:30:30]} 19. e4 {[%clk 1:30:30]} d4 {[%clk 1:30:30]}
20. Rf7+ {[%clk 1:30:30]} Ne7 {[%clk 1:30:30]} 21. Bc4 {[%clk 1:30:30]} Rf8
{[%clk 1:30:30]} 22. Qxd4+ {[%clk 1:30:30]} Ke8 {[%clk 1:30:30]} 23. Rxf8+ {[%clk
1:30:30]} Kxf8 {[%clk 1:30:30]} 24. Qh8+ {[%clk 1:30:30]} Ng8 {[%clk 1:30:30]}
25. Rf1+ {[%clk 1:30:30]} Ke7 {[%clk 1:30:30]} 26. Qxh7+ {[%clk 1:30:30]} Ke8
{[%clk 1:30:30]} 27. Qxg8+ {[%clk 1:30:30]} Kd7 {[%clk 1:30:30]} 28. Rd1+ {[%clk
1:30:30]} 1-0

[Event "Poznan Chess Festival"]
[Site "chess24.com"]
[Date "2021.08.18"]
[Round "5"]
[White "Nawrocki, Michal"]
[Black "Bebenek, Anna"]
[Result "1-0"]
[Board "36"]
[WhiteElo "1165"]
[WhiteCountry "POL"]
[WhiteFideId "21097933"]
[WhiteEloChange "17"]
[BlackElo "1455"]
[BlackCountry "POL"]
[BlackFideId "1143417"]
[BlackEloChange "-17"]

1. e4 {[%clk 1:30:30]} e6 {[%clk 1:30:30]} 2. d4 {[%clk 1:30:30]} d5 {[%clk
1:30:30]} 3. Nc3 {[%clk 1:30:30]} c5 {[%clk 1:30:30]} 4. exd5 {[%clk 1:30:30]}
exd5 {[%clk 1:30:30]} 5. Bb5+ {[%clk 1:30:30]} Nc6 {[%clk 1:30:30]} 6. Nge2
{[%clk 1:30:30]} a6 {[%clk 1:30:30]} 7. Bxc6+ {[%clk 1:30:30]} bxc6 {[%clk
1:30:30]} 8. O-O {[%clk 1:30:30]} Nf6 {[%clk 1:30:30]} 9. Re1 {[%clk 1:30:30]}
Be7 {[%clk 1:30:30]} 10. dxc5 {[%clk 1:30:30]} O-O {[%clk 1:30:30]} 11. Be3
{[%clk 1:30:30]} Bb7 {[%clk 1:30:30]} 12. Nd4 {[%clk 1:30:30]} Nd7 {[%clk
1:30:30]} 13. Nb3 {[%clk 1:30:30]} f5 {[%clk 1:30:30]} 14. Qe2 {[%clk 1:30:30]}
Bf6 {[%clk 1:30:30]} 15. f4 {[%clk 1:30:30]} Re8 {[%clk 1:30:30]} 16. Qd3 {[%clk
1:30:30]} g6 {[%clk 1:30:30]} 17. Bd4 {[%clk 1:30:30]} Qc7 {[%clk 1:30:30]} 18.
Bxf6 {[%clk 1:30:30]} Nxf6 {[%clk 1:30:30]} 19. Qd4 {[%clk 1:30:30]} Kf7 {[%clk
1:30:30]} 20. a3 {[%clk 1:30:30]} Rad8 {[%clk 1:30:30]} 21. Nd2 {[%clk 1:30:30]}
Ne4 {[%clk 1:30:30]} 22. Ndxe4 {[%clk 1:30:30]} dxe4 {[%clk 1:30:30]} 23. Qc4+
{[%clk 1:30:30]} Kf6 {[%clk 1:30:30]} 24. Ne2 {[%clk 1:30:30]} Rd2 {[%clk
1:30:30]} 25. Qc3+ {[%clk 1:30:30]} 1-0

[Event "Poznan Chess Festival"]
[Site "chess24.com"]
[Date "2021.08.18"]
[Round "5"]
[White "Kierska, Pola"]
[Black "Tadych, Szymon"]
[Result "1/2-1/2"]
[Board "37"]
[WhiteElo "1107"]
[WhiteCountry "POL"]
[WhiteFideId "21854262"]
[WhiteEloChange "7"]
[BlackElo "1396"]
[BlackCountry "POL"]
[BlackFideId "21820406"]
[BlackEloChange "-7"]

1. e4 {[%clk 1:30:30]} e5 {[%clk 1:30:30]} 2. Nf3 {[%clk 1:30:30]} Nc6 {[%clk
1:30:30]} 3. Bc4 {[%clk 1:30:30]} Bc5 {[%clk 1:30:30]} 4. Nc3 {[%clk 1:30:30]}
Nf6 {[%clk 1:30:30]} 5. d3 {[%clk 1:30:30]} h6 {[%clk 1:30:30]} 6. O-O {[%clk
1:30:30]} O-O {[%clk 1:30:30]} 7. Be3 {[%clk 1:30:30]} Bb6 {[%clk 1:30:30]} 8.
Re1 {[%clk 1:30:30]} d6 {[%clk 1:30:30]} 9. h3 {[%clk 1:30:30]} Kh8 {[%clk
1:30:30]} 10. Qd2 {[%clk 1:30:30]} Ba5 {[%clk 1:30:30]} 11. a3 {[%clk 1:30:30]}
Bxc3 {[%clk 1:30:30]} 12. Qxc3 {[%clk 1:30:30]} Nh7 {[%clk 1:30:30]} 13. d4
{[%clk 1:30:30]} Qf6 {[%clk 1:30:30]} 14. dxe5 {[%clk 1:30:30]} dxe5 {[%clk
1:30:30]} 15. Bd2 {[%clk 1:30:30]} Nd4 {[%clk 1:30:30]} 16. Nxd4 {[%clk 1:30:30]}
exd4 {[%clk 1:30:30]} 17. Qg3 {[%clk 1:30:30]} c5 {[%clk 1:30:30]} 18. c3 {[%clk
1:30:30]} Be6 {[%clk 1:30:30]} 19. Bxe6 {[%clk 1:30:30]} Qxe6 {[%clk 1:30:30]}
20. cxd4 {[%clk 1:30:30]} cxd4 {[%clk 1:30:30]} 1/2-1/2

[Event "Poznan Chess Festival"]
[Site "chess24.com"]
[Date "2021.08.18"]
[Round "5"]
[White "Nicikowski, Jozef"]
[Black "Czyzewski, Leon"]
[Result "1-0"]
[Board "39"]
[WhiteElo "1372"]
[WhiteCountry "POL"]
[WhiteFideId "21816468"]
[WhiteEloChange "3"]
[BlackElo "1086"]
[BlackCountry "POL"]
[BlackFideId "21007314"]
[BlackEloChange "-3"]

1. e4 {[%clk 1:30:30]} c5 {[%clk 1:30:30]} 2. Nf3 {[%clk 1:30:30]} g6 {[%clk
1:30:30]} 3. Nc3 {[%clk 1:30:30]} Nc6 {[%clk 1:30:30]} 4. b3 {[%clk 1:30:30]} Nf6
{[%clk 1:30:30]} 5. Bb2 {[%clk 1:30:30]} Bg7 {[%clk 1:30:30]} 6. d3 {[%clk
1:30:30]} O-O {[%clk 1:30:30]} 7. Be2 {[%clk 1:30:30]} d6 {[%clk 1:30:30]} 8. h3
{[%clk 1:30:30]} Be6 {[%clk 1:30:30]} 9. O-O {[%clk 1:30:30]} a6 {[%clk 1:30:30]}
10. a4 {[%clk 1:30:30]} Rb8 {[%clk 1:30:30]} 11. Re1 {[%clk 1:30:30]} b5 {[%clk
1:30:30]} 12. axb5 {[%clk 1:30:30]} axb5 {[%clk 1:30:30]} 13. Ng5 {[%clk
1:30:30]} Nd4 {[%clk 1:30:30]} 14. Nxe6 {[%clk 1:30:30]} fxe6 {[%clk 1:30:30]}
15. Bf1 {[%clk 1:30:30]} Qd7 {[%clk 1:30:30]} 16. Ne2 {[%clk 1:30:30]} Nxe2+
{[%clk 1:30:30]} 17. Qxe2 {[%clk 1:30:30]} Nh5 {[%clk 1:30:30]} 18. Bxg7 {[%clk
1:30:30]} Kxg7 {[%clk 1:30:30]} 19. e5 {[%clk 1:30:30]} d5 {[%clk 1:30:30]} 20.
Ra6 {[%clk 1:30:30]} Kh8 {[%clk 1:30:30]} 21. Rea1 {[%clk 1:30:30]} Nf4 {[%clk
1:30:30]} 22. Qe3 {[%clk 1:30:30]} d4 {[%clk 1:30:30]} 23. Qe4 {[%clk 1:30:30]}
Nd5 {[%clk 1:30:30]} 24. Ra7 {[%clk 1:30:30]} Rb7 {[%clk 1:30:30]} 25. Ra8 {[%clk
1:30:30]} Rxa8 {[%clk 1:30:30]} 26. Rxa8+ {[%clk 1:30:30]} Kg7 {[%clk 1:30:30]}
27. Qf3 {[%clk 1:30:30]} Kh6 {[%clk 1:30:30]} 28. Qf8+ {[%clk 1:30:30]} Kg5
{[%clk 1:30:30]} 29. h4+ {[%clk 1:30:30]} Kxh4 {[%clk 1:30:30]} 30. Qh6+ {[%clk
1:30:30]} Kg4 {[%clk 1:30:30]} 31. Rf8 {[%clk 1:30:30]} Qc7 {[%clk 1:30:30]} 32.
Be2# {[%clk 1:30:30]} 1-0